| 000 | | | 06241cmc2a2200000#x 450 |
| 001 | | | 258cd568-00c7-4e3b-8cc5-9f0dc8722f02 |
| 005 | | | 20180620154731.0 |
| 100 | ## | $a | 20140423l18471917k l0rusy0189 ca |
| 101 | 0# | $a | rus |
| 102 | ## | $a | RU |
| 200 | 1# | $a | Памятник поэту Г. Р. Державину в городе Казань |
| | $j | [1847-1917] |
| 251 | ## | $c | Дело |
| 300 | ## | $a | Фотография в рамке с художественным обрамлением, в конверте. На обороте фотографии - надпись: Шумилов, Казань |
| 300 | ## | $a | Заголовок дела также: Казанская губерния. Город Казань. Памятник поэту Г. Р. Державину : б/д |
| 801 | #0 | $a | RU |
| | $b | РГИА |
| | $c | 20140423 |
| 801 | #1 | $a | RU |
| | $b | ГлавНИВЦ |
| | $c | 20140423 |
| | $2 | rusmarc |
| 801 | #2 | $a | RU |
| | $b | ПБ им. Б.Н. Ельцина |
| | $c | 20160229 |
| | $g | RCR |
| | $2 | rusmarc |
| 850 | ## | $a | Федеральное казенное учреждение "Российский государственный исторический архив" (РГИА) |
| 852 | ## | $a | РГИА |
| | $j | 494 |
| 937 | ## | $h | РГИА |
| | $d | 11163596 |
| | $a | ASBIBLIO_SCAN |
| 462 | #0 | $1 | 001074eb75f-1902-4909-a924-b21579da7b9b |
| | $1 | 2001 |
| | $a | Коллекция фотографий Техническо-строительного комитета МВД древних и архитектурно-скульптурных памятников России |
| | $v | Д. 494 |
| | $1 | 251 |
| | $c | Опись |
| | $1 | 852 |
| | $j | 169 |
| 461 | #0 | $1 | 001597a3917-b61a-443f-a337-cac2b95e7413 |
| | $1 | 2001 |
| | $a | Техническо-строительный комитет МВД |
| | $1 | 251 |
| | $c | Фонд |
| | $1 | 852 |
| | $j | 1293 |
| 215 | ## | $a | 1 лист |
| | $c | фото |
| | $d | 34х46 см |
| 371 | ## | $a | Документ не является опубликованным и широко распространяемым |
| 105 | ## | $a | a### |
| 122 | 0# | $a | d1847###### |
| | $a | d1917###### |
| 035 | ## | $a | 258cd568-00c7-4e3b-8cc5-9f0dc8722f02 |
| 605 | ## | $2 | acquisition_Prlib |
| | $3 | LIBNET\UAF\0000075895 |
| | $a | Г. Р. Державин |
| | $l | коллекция |
| 605 | ## | $a | Россия в лицах |
| | $l | коллекция |
| | $2 | acquisition_Prlib |
| | $3 | DITM\AF\0000004166 |
| 605 | ## | $a | Территория |
| | $l | коллекция |
| | $2 | acquisition_Prlib |
| | $3 | DITM\AF\0000004675 |
| 605 | ## | $a | Территория России: Татарстан, Республика |
| | $l | коллекция |
| | $2 | acquisition_Prlib |
| | $3 | LIBNET\UAF\0000057539 |
| 605 | ## | $a | Народ |
| | $l | коллекция |
| | $2 | acquisition_Prlib |
| | $3 | DITM\AF\0000003834 |
| 517 | 1# | $a | Казанская губерния. Город Казань. Памятник поэту Г. Р. Державину |
| | $e | б/д |
| 607 | ## | $2 | prlib_sh |
| | $3 | LIBNET\UAF\0000075904 |
| | $a | Державину Гавриле Романовичу, памятник (Казань, город; Татария) |
| | $j | Фотографии |
| 686 | ## | $2 | rubbk |
| | $a | 83.3(2=411.2)52-8Державин, Г. Р.я6 |
| | $v | LBC/M |
| 686 | ## | $a | 63.3(2)52-8Державин, Г. Р.я6 |
| | $v | LBC/M |
| | $2 | rubbk |
| 617 | ## | $2 | prlib_sh |
| | $c | Казанская губерния |
| 617 | ## | $2 | prlib_sh |
| | $b | Татарстан, Республика |
| 608 | ## | $2 | prlib_sh |
| | $3 | DITM\AF\0000001707 |
| | $a | Документальные фотографии |